[Event "AUTO-OPEN-4214"]
[Site "http://www.queenalice.com/game.php?id=1627670"]
[Date "2020.9.21"]
[Round "1"]
[White "Polyphem"]
[Black "jotu"]
[Result "0-1"]
[WhiteElo "1825"]
[BlackElo "2331"]

1. d4 Nf6 2. c4 g6 3. Nc3 c5 4. d5 e6 5. Bg5 Bg7 6. Nf3 h6 7. Be3 d6 8. Qc2 exd5
9. cxd5 O-O 10. Bd2 Bf5 11. Qb3 Na6 12. Qxb7 Nb4 13. e4 Nxe4 14. Qb5 Nc2+ 15.
Ke2 Nxa1 16. Nxe4 Re8 17. Kd1 Bxe4 18. Bd3 Rb8 19. Qc4 Bxf3+ 20. gxf3 Rxb2 21.
Bc3 Bxc3 22. Qxc3 Qb6 23. Qc1 c4 24. Be4 Qxf2 25. Re1 Rxa2 26. h3 Nb3 0-1

[Event "AUTO-ELITE-2304"]
[Site "http://www.queenalice.com/game.php?id=1640847"]
[Date "2021.1.21"]
[Round "1"]
[White "BEBADO"]
[Black "jotu"]
[Result "0-1"]
[WhiteElo "2287"]
[BlackElo "2359"]

1. e4 c5 2. Nf3 Nc6 3. d4 cxd4 4. Nxd4 e5 5. Nb5 d6 6. N1c3 a6 7. Na3 b5 8. Nd5
Nf6 9. c4 b4 10. Nc2 Nxe4 11. Qf3 Nc5 12. Ndxb4 Nxb4 13. Nxb4 Bb7 14. Nd5 Be7
15. b4 Ne6 16. Bd3 O-O 17. Bb2 Nf4 18. Bc2 Rc8 19. Bb3 a5 20. a3 a4 21. Ba2 Bxd5
22. cxd5 Rc2 23. Rb1 Qb6 24. O-O Rfc8 25. g3 Ne2+ 26. Kg2 Nc3 0-1

[Event "AUTO-ELITE-2304"]
[Site "http://www.queenalice.com/game.php?id=1640848"]
[Date "2021.1.21"]
[Round "1"]
[White "jotu"]
[Black "BEBADO"]
[Result "1-0"]
[WhiteElo "2360"]
[BlackElo "2311"]

1. e4 c5 2. Nf3 e6 3. d4 cxd4 4. Nxd4 a6 5. Nc3 b5 6. Bd3 Qb6 7. Nf3 Bb7 8. a4
b4 9. Na2 Nf6 10. Qe2 Be7 11. e5 Nd5 12. O-O Nc6 13. c4 bxc3 14. bxc3 O-O 15.
Rb1 Qc7 16. Bd2 Rfb8 17. c4 Nb6 18. Bc2 d5 19. cxd5 Nxd5 20. Rfc1 Bc8 21. h4
Rxb1 22. Bxb1 Bb7 23. h5 Qd8 24. Qe4 g6 25. hxg6 hxg6 26. Qg4 Kg7 27. Be4 Na5
28. Ng5 Qe8 29. Bxa5 1-0

[Event "AUTO-ELITE-2304"]
[Site "http://www.queenalice.com/game.php?id=1640853"]
[Date "2021.1.21"]
[Round "1"]
[White "jotu"]
[Black "pt58"]
[Result "1/2-1/2"]
[WhiteElo "2358"]
[BlackElo "2389"]

1. e4 d6 2. d4 Nf6 3. Nc3 g6 4. Be3 c6 5. h3 Nbd7 6. f4 e5 7. Nf3 Qe7 8. fxe5
dxe5 9. Qd2 exd4 10. Bxd4 Bg7 11. O-O-O O-O 12. e5 Nd5 13. Nxd5 cxd5 14. Kb1 Nc5
15. Bxc5 Qxc5 16. Qxd5 Qxd5 17. Rxd5 Be6 18. Rd1 Rad8 19. Bd3 Bd5 20. Rhe1 Rfe8
21. Bb5 Bxf3 22. gxf3 Rxd1+ 23. Rxd1 Rxe5 24. a4 Bf6 25. Rd7 Re7 1/2-1/2

[Event "AUTO-ELITE-2304"]
[Site "http://www.queenalice.com/game.php?id=1640854"]
[Date "2021.1.21"]
[Round "1"]
[White "pt58"]
[Black "jotu"]
[Result "1-0"]
[WhiteElo "2485"]
[BlackElo "2369"]

1. e4 c5 2. Nf3 e6 3. d4 cxd4 4. Nxd4 Nf6 5. Nc3 Bb4 6. e5 Nd5 7. Bd2 Nxc3 8.
bxc3 Be7 9. Qg4 Kf8 10. Bd3 h5 11. Qe2 d6 12. f4 g6 13. O-O d5 14. Rab1 Nc6 15.
h3 Nxd4 16. cxd4 b6 17. g4 hxg4 18. hxg4 Ke8 19. Kg2 Kd7 20. a4 Bb7 21. a5 Bc6
22. Rh1 Rxh1 23. Rxh1 Qf8 24. Kf3 Qg7 25. Qh2 Rg8 26. Qh7 Qxh7 27. Rxh7 Ke8 28.
axb6 axb6 29. f5 exf5 30. gxf5 gxf5 31. Rh6 Kd7 32. Bf4 Rf8 33. Rh7 Ba4 34.
Bxf5+ Kd8 35. Bh6 Rg8 36. Rxf7 Bd7 37. Kf4 Rg1 38. e6 Bd6+ 39. Kf3 Be8 40. Kf2
Bxf7 41. exf7 Ra1 42. f8=Q+ Bxf8 43. Bxf8 Kc7 44. Ke2 Kc6 45. Bd3 Ra8 46. Bg7
Ra1 47. Kd2 Rg1 48. Bf6 Rh1 49. Kc3 Rb1 50. Bg6 Kd7 51. Bf5+ Kc6 52. Bg6 Kd7 53.
Be5 b5 54. Bf7 b4+ 55. Kd2 Kc6 56. Be8+ Kb6 57. Ba4 Ra1 58. Bb3 Kc6 59. Ke2 Ra5
60. Kf3 Kd7 61. Bg7 Ke6 62. Bf8 Rb5 63. Bc5 Rb7 64. Ke3 Rb8 65. Kd2 Rb7 66. Kc1
1-0

[Event "AUTO-OPEN-4214"]
[Site "http://www.queenalice.com/game.php?id=1643193"]
[Date "2021.2.10"]
[Round "2"]
[White "AsterixTwin"]
[Black "jotu"]
[Result "1-0"]
[WhiteElo "2531"]
[BlackElo "2389"]

1. e4 c5 2. Nf3 Nc6 3. d4 cxd4 4. Nxd4 e5 5. Nb5 d6 6. N1c3 a6 7. Na3 b5 8. Nd5
Nf6 9. Bg5 Be7 10. Bxf6 Bxf6 11. c3 Bg5 12. Nc2 Rb8 13. Be2 O-O 14. O-O Kh8 15.
Qd3 f5 16. Bf3 f4 17. Ncb4 Bb7 18. a4 Nxb4 19. Nxb4 a5 20. Nd5 bxa4 21. Rxa4
Bxd5 22. Qxd5 Rxb2 23. Rxa5 Qc7 24. Rc1 Bh4 25. Rf1 Qb6 26. Ra8 Bxf2+ 27. Kh1
Rxa8 28. Qxa8+ Qb8 29. Qd5 Bc5 30. h3 Qe8 31. Ra1 Rb8 32. Qd1 g6 33. Rb1 Kg7 34.
Rxb8 Qxb8 35. Qa1 h5 36. Qd1 Qb2 37. c4 Qf2 38. Kh2 Kh6 39. Kh1 1-0

[Event "AUTO-OPEN-4214"]
[Site "http://www.queenalice.com/game.php?id=1643194"]
[Date "2021.2.10"]
[Round "2"]
[White "jotu"]
[Black "AsterixTwin"]
[Result "1-0"]
[WhiteElo "2371"]
[BlackElo "2568"]

1. e4 c5 2. Nf3 d6 3. d4 cxd4 4. Nxd4 Nf6 5. Nc3 a6 6. Be3 e6 7. f3 b5 8. Qd2
Nbd7 9. O-O-O Bb7 10. g4 Nb6 11. Kb1 Rc8 12. Nb3 Be7 13. Na5 Ba8 14. a4 Nc4 15.
Nxc4 bxc4 16. g5 Nd7 17. h4 Qc7 18. h5 Rb8 19. Qd4 Qb7 20. Bc1 Rg8 21. Bxc4 Bxg5
22. Bxa6 Qxa6 23. Bxg5 f6 24. Nb5 1-0

[Event "AUTO-ELITE-2269"]
[Site "http://www.queenalice.com/game.php?id=1768661"]
[Date "2021.9.3"]
[Round "2"]
[White "jotu"]
[Black "grotegeest"]
[Result "0-1"]
[WhiteElo "2412"]
[BlackElo "2803"]

1. e4 c5 2. Nf3 d6 3. d4 cxd4 4. Nxd4 Nf6 5. Nc3 g6 6. Be3 Bg7 7. f3 O-O 8. Qd2
Nc6 9. Bc4 Bd7 10. O-O-O Rb8 11. Bb3 Na5 12. Bh6 Bxh6 13. Qxh6 e5 14. Ndb5 Nxb3+
15. axb3 d5 16. exd5 Bxb5 17. Nxb5 Qa5 18. Na3 Nxd5 19. h4 Qc5 20. Rd2 Qe3 21.
Qxe3 Nxe3 22. Re2 Nf5 23. Rxe5 Rfe8 24. Rxe8+ Rxe8 25. Nb5 Kf8 26. g4 Re5 27.
Nc3 Nd4 28. f4 Ne2+ 29. Nxe2 Rxe2 30. h5 Rf2 31. hxg6 hxg6 0-1

[Event "AUTO-ELITE-2269"]
[Site "http://www.queenalice.com/game.php?id=1768662"]
[Date "2021.9.3"]
[Round "2"]
[White "grotegeest"]
[Black "jotu"]
[Result "1-0"]
[WhiteElo "2802"]
[BlackElo "2413"]

1. e4 c5 2. Nf3 Nc6 3. d4 cxd4 4. Nxd4 e5 5. Nb5 d6 6. c4 a6 7. N5c3 Nf6 8. Be2
Nd4 9. O-O Be7 10. Be3 Nxe2+ 11. Qxe2 O-O 12. a4 Be6 13. a5 Rc8 14. b3 Nd7 15.
Rd1 g6 16. Nd5 f5 17. exf5 Bxf5 18. Nbc3 Bg5 19. b4 Bxe3 20. Nxe3 Qf6 21. Rd5
Rc6 22. Rad1 Qe7 23. c5 Rf6 24. R5d2 Rf8 25. Ncd5 1-0

[Event "AUTO-OPEN-4567"]
[Site "http://www.queenalice.com/game.php?id=1849570"]
[Date "2024.12.31"]
[Round "1"]
[White "delphicoracle"]
[Black "jotu"]
[Result "1-0"]
[WhiteElo "2678"]
[BlackElo "2438"]

1. e4 c5 2. Nf3 Nc6 3. c3 Nf6 4. e5 Nd5 5. Bc4 Nb6 6. Bb3 d5 7. exd6 Qxd6 8. O-O
Be6 9. Na3 Bxb3 10. axb3 Qd3 11. Re1 e6 12. Re3 Qd7 13. Nc2 Be7 14. d4 O-O 15.
Rd3 Rfd8 16. Bf4 Bf6 17. Qe2 a6 18. Rad1 cxd4 19. Ncxd4 Nxd4 20. Nxd4 Qe7 21.
Be5 Rd7 22. Nf3 Rad8 23. Bxf6 Qxf6 24. Ne5 Rxd3 25. Rxd3 Rxd3 26. Qxd3 Qe7 27.
Qd4 Qc7 28. g3 Nc8 29. Kg2 h6 30. Kf3 Nd6 31. Ke2 f6 32. Nc4 Nc8 33. h4 b5 34.
Nd2 Kf7 35. Ne4 Nb6 36. Qc5 Qxc5 37. Nxc5 a5 38. Kd3 Ke7 39. Nb7 a4 40. c4 bxc4+
41. bxc4 g5 42. Kc3 gxh4 43. gxh4 e5 44. Kb4 f5 45. Nc5 e4 46. Kb5 Nc8 47. Kc6
1-0

[Event "AUTO-OPEN-4567"]
[Site "http://www.queenalice.com/game.php?id=1849571"]
[Date "2024.12.31"]
[Round "1"]
[White "jotu"]
[Black "delphicoracle"]
[Result "0-1"]
[WhiteElo "2431"]
[BlackElo "2659"]

1. e4 c6 2. d4 d5 3. e5 Bf5 4. g4 Be4 5. f3 Bg6 6. h4 h5 7. Nh3 e6 8. Nf4 Ne7 9.
Bd3 Bxd3 10. Qxd3 c5 11. c3 Nbc6 12. Na3 cxd4 13. cxd4 hxg4 14. fxg4 Nb4 15. Qd1
Nec6 16. Ng2 Qb6 17. Be3 Qa6 18. Qe2 Nd3+ 19. Kf1 Bxa3 20. bxa3 Qxa3 21. Rb1
Ndb4 22. Kg1 b6 23. Rb2 Na5 24. Qb5+ Nbc6 25. Rh3 O-O 26. Kh2 Nc4 27. Bc1 Qa5
28. Qxc6 Nxb2 29. Bxb2 Rac8 30. Qd7 Qxa2 31. Rc3 Rxc3 32. Bxc3 Qc4 33. Bb2 Qb4
34. Bc1 Qxd4 35. Bf4 a5 36. h5 a4 37. Qe7 Rc8 38. h6 gxh6 39. Qf6 a3 40. Ne3 Qd3
0-1

[Event "AUTO-OPEN-4567"]
[Site "http://www.queenalice.com/game.php?id=1849592"]
[Date "2024.12.31"]
[Round "1"]
[White "cerenzo72"]
[Black "jotu"]
[Result "0-1"]
[WhiteElo "2095"]
[BlackElo "2430"]

1. e4 c5 2. c4 Nc6 3. Nc3 g6 4. g3 e6 5. Bg2 Bg7 6. Nf3 Nge7 7. Nb5 d6 8. O-O a6
9. Nc3 O-O 10. Ne2 d5 11. cxd5 exd5 12. exd5 Nxd5 13. Rb1 Bf5 14. Ra1 Bd3 15.
Re1 Ndb4 16. Nf4 c4 17. Nxd3 cxd3 18. Rf1 Nc2 19. Rb1 Rb8 20. Ne1 N6b4 21. a3
Nxe1 22. Qxe1 Re8 23. Qd1 Nc2 24. b4 Qd6 25. Bb2 Bxb2 26. Rxb2 Nxa3 27. Qb3 Nc2
28. Bd5 Qf6 29. Rbb1 Qf5 30. Bc4 Rbd8 31. b5 Nd4 32. Qa2 axb5 33. Bb3 Re2 34.
Bd1 Qh3 35. Bxe2 dxe2 36. Qa3 exf1=Q+ 37. Rxf1 Ne2+ 0-1

[Event "AUTO-OPEN-4567"]
[Site "http://www.queenalice.com/game.php?id=1849593"]
[Date "2024.12.31"]
[Round "1"]
[White "jotu"]
[Black "cerenzo72"]
[Result "1-0"]
[WhiteElo "2413"]
[BlackElo "2152"]

1. d4 Nf6 2. Nf3 e6 3. c4 Bb4+ 4. Nc3 d5 5. Bg5 Bxc3+ 6. bxc3 Nbd7 7. e3 O-O 8.
Bd3 c5 9. O-O b6 10. cxd5 exd5 11. Qc2 g6 12. Ne5 Qc7 13. Bh6 Nxe5 14. dxe5 Qxe5
15. Bxf8 Kxf8 16. c4 dxc4 17. Qxc4 Ng4 18. Qf4 Qh5 19. Be4 Rb8 20. Qxb8 1-0

[Event "AUTO-OPEN-4567"]
[Site "http://www.queenalice.com/game.php?id=1849606"]
[Date "2024.12.31"]
[Round "1"]
[White "jotu"]
[Black "zmanomega"]
[Result "1-0"]
[WhiteElo "2412"]
[BlackElo "1733"]

1. Nf3 d5 2. d4 Nc6 3. c4 Bf5 4. cxd5 Qxd5 5. Nc3 Qa5 6. Bd2 e6 7. e4 Bg4 8. Nd5
Nb4 9. Ne3 Bh5 10. a3 Nc2+ 11. Qxc2 Qb6 12. Nc4 Qc6 13. Nfe5 Qa6 14. b4 O-O-O
15. b5 Qxb5 16. Nd6+ Bxd6 17. Bxb5 a6 18. Bd3 1-0

[Event "AUTO-OPEN-4567"]
[Site "http://www.queenalice.com/game.php?id=1849607"]
[Date "2024.12.31"]
[Round "1"]
[White "zmanomega"]
[Black "jotu"]
[Result "0-1"]
[WhiteElo "1752"]
[BlackElo "2411"]

1. e4 e5 2. Nf3 Nc6 3. d3 Nf6 4. c3 d5 5. Bg5 Be7 6. exd5 Nxd5 7. Bd2 O-O 8. Qc1
Re8 9. Bg5 f6 10. Bd2 Bf5 11. Be2 Nf4 12. Bxf4 exf4 13. Qd2 Ne5 14. Qxf4 Nxd3+
15. Kf1 Nxf4 0-1

[Event "AUTO-ELITE-2565"]
[Site "http://www.queenalice.com/game.php?id=1849656"]
[Date "2025.1.2"]
[Round "1"]
[White "grotegeest"]
[Black "jotu"]
[Result "0-1"]
[WhiteElo "2572"]
[BlackElo "2433"]

1. e4 c5 2. Nf3 e6 3. d4 cxd4 4. Nxd4 Nc6 5. Nc3 a6 6. Be3 Nf6 7. Qf3 Bb4 8.
Nxc6 bxc6 9. Qg3 Nxe4 10. Qxg7 Qf6 11. Qxf6 Nxf6 12. Bd4 Ke7 13. a3 Ba5 14.
O-O-O d5 15. Na4 Rg8 16. g3 Nd7 17. Bg2 Rb8 18. Ba7 Ra8 19. Be3 Rb8 20. Rd4 Bc7
21. Rh4 Rh8 22. f4 h6 23. Re1 Nb6 24. Bd4 Rh7 25. Nc5 Nd7 0-1

[Event "AUTO-ELITE-2565"]
[Site "http://www.queenalice.com/game.php?id=1849657"]
[Date "2025.1.2"]
[Round "1"]
[White "jotu"]
[Black "grotegeest"]
[Result "1-0"]
[WhiteElo "2416"]
[BlackElo "2691"]

1. e4 c5 2. Nf3 d6 3. d4 cxd4 4. Nxd4 Nf6 5. Nc3 g6 6. Be3 Bg7 7. f3 O-O 8. Qd2
Nc6 9. Bc4 Bd7 10. Bb3 Rb8 11. O-O-O Na5 12. Bh6 Bxh6 13. Qxh6 e5 14. Nde2 b5
15. Rxd6 b4 16. Na4 1-0

[Event "AUTO-ELITE-2565"]
[Site "http://www.queenalice.com/game.php?id=1849662"]
[Date "2025.1.2"]
[Round "1"]
[White "MarcoCarvalho"]
[Black "jotu"]
[Result "0-1"]
[WhiteElo "2154"]
[BlackElo "2428"]

1. e4 e6 2. d4 d5 3. e5 c5 4. c3 Nc6 5. Nf3 Qb6 6. a3 c4 7. Be2 Bd7 8. Nbd2 Na5
9. O-O Ne7 10. Rb1 Qc7 11. Qc2 Nc8 12. a4 Nb6 13. Ra1 Rc8 14. Re1 Be7 15. h3 h6
16. Nh2 Qc6 17. Bh5 Nxa4 0-1

[Event "AUTO-ELITE-2565"]
[Site "http://www.queenalice.com/game.php?id=1849663"]
[Date "2025.1.2"]
[Round "1"]
[White "jotu"]
[Black "MarcoCarvalho"]
[Result "1-0"]
[WhiteElo "2431"]
[BlackElo "2150"]

1. d4 Nf6 2. c4 e6 3. Nf3 d5 4. Nc3 c5 5. cxd5 cxd4 6. Qxd4 exd5 7. e4 Nc6 8.
Bb5 dxe4 9. Qxd8+ Kxd8 10. Ng5 Be6 11. O-O Bb4 12. Ncxe4 Nxe4 13. Nxe4 Ke7 14.
Bxc6 bxc6 15. Be3 Bd5 16. Bc5+ Bxc5 17. Nxc5 Rab8 18. b3 1-0